<?xml version="1.0" encoding="UTF-8"?>
<record
    xmlns:xsi="http://www.w3.org/2001/XMLSchema-instance"
    xsi:schemaLocation="http://www.loc.gov/MARC21/slim http://www.loc.gov/standards/marcxml/schema/MARC21slim.xsd"
    xmlns="http://www.loc.gov/MARC21/slim">

  <leader>02052nam a2200361 a 4500</leader>
  <controlfield tag="003">CHAP</controlfield>
  <controlfield tag="005">20250130131647.0</controlfield>
  <controlfield tag="007">ta</controlfield>
  <controlfield tag="008">250130s2011    ag ado|gr|||| 001 0 spa d</controlfield>
  <datafield tag="020" ind1=" " ind2=" ">
    <subfield code="a">978-950-24-1326-6</subfield>
  </datafield>
  <datafield tag="040" ind1=" " ind2=" ">
    <subfield code="a">mxchpua</subfield>
    <subfield code="c">CHAP</subfield>
    <subfield code="e">rda</subfield>
  </datafield>
  <datafield tag="041" ind1=" " ind2=" ">
    <subfield code="a">spa</subfield>
    <subfield code="b">spa</subfield>
    <subfield code="f">spa</subfield>
    <subfield code="h">spa</subfield>
  </datafield>
  <datafield tag="050" ind1="1" ind2="0">
    <subfield code="a">TP548</subfield>
    <subfield code="b">.E43 2011</subfield>
  </datafield>
  <datafield tag="082" ind1="0" ind2="0">
    <subfield code="2">20</subfield>
    <subfield code="a">641.22</subfield>
    <subfield code="b">E43 2011</subfield>
  </datafield>
  <datafield tag="100" ind1="1" ind2=" ">
    <subfield code="a">Embon, Mart&#xED;n Tob&#xED;as</subfield>
    <subfield code="9">190005</subfield>
  </datafield>
  <datafield tag="245" ind1="1" ind2="0">
    <subfield code="a">Sommelier urbano :</subfield>
    <subfield code="b">gu&#xED;a pr&#xE1;ctica para el aficionado de los vinos /</subfield>
  </datafield>
  <datafield tag="250" ind1=" " ind2=" ">
    <subfield code="a">1a edici&#xF3;n</subfield>
  </datafield>
  <datafield tag="264" ind1=" " ind2=" ">
    <subfield code="a">Buenos Aires, Argentina :</subfield>
    <subfield code="b">Albatros, </subfield>
    <subfield code="c">2011</subfield>
  </datafield>
  <datafield tag="300" ind1=" " ind2=" ">
    <subfield code="a">143 p&#xE1;ginas :</subfield>
    <subfield code="b">diagramas, tablas, fotos</subfield>
  </datafield>
  <datafield tag="336" ind1=" " ind2=" ">
    <subfield code="2">rdacontent</subfield>
    <subfield code="a">texto</subfield>
    <subfield code="b">txt</subfield>
  </datafield>
  <datafield tag="337" ind1=" " ind2=" ">
    <subfield code="2">rdamedia</subfield>
    <subfield code="a">sin medio</subfield>
    <subfield code="b">n</subfield>
  </datafield>
  <datafield tag="338" ind1=" " ind2=" ">
    <subfield code="2">rdacarrier</subfield>
    <subfield code="a">volumen</subfield>
    <subfield code="b">nc</subfield>
  </datafield>
  <datafield tag="504" ind1=" " ind2=" ">
    <subfield code="a">Bibliograf&#xED;a: p&#xE1;gina 141</subfield>
  </datafield>
  <datafield tag="505" ind1="0" ind2=" ">
    <subfield code="a">El mundo del vino --
1. Los mitos del vino --
2. Las variedades de la uva --
3. La elaboraci&#xF3;n de los vinos --
4. Las grandes capitales del vino --
5. Reglas b&#xE1;sicas del servicio --
6. T&#xE9;cnicas del maridaje: el vino y la comida --
7. El champagne --
8. Apreciaci&#xF3;n del vino a trav&#xE9;s de la cata --
9. los vinos de postre --
Glosario --
Referencias y cr&#xE9;ditos fotogr&#xE1;ficos --
Bibliograf&#xED;a.
</subfield>
  </datafield>
  <datafield tag="520" ind1="2" ind2=" ">
    <subfield code="a">D&#xE9;jese atrapar por esta gu&#xED;a pr&#xE1;ctica, muy bien ilustrada, que pretende agregar elementos de valor a la experiencia gourmet de todo amante del buen vivir: la cata, las denominaciones de origen, el ceremonial y el protocolo, la sommellerie, las diferentes regiones vitivin&#xED;colas. Descubra lo que necesita saber para comprar, guardar, servir y catar un buen vino. Salud! Mart&#xED;n Embon es licenciado en administraci&#xF3;n hotelera con un master internacional de Sommelier Profesional. Actualmente es Director de SyrahSommeliers, Escuela de Vinos en M&#xE9;xico.</subfield>
  </datafield>
  <datafield tag="650" ind1="1" ind2="7">
    <subfield code="a">Vinos</subfield>
    <subfield code="2">atg</subfield>
    <subfield code="9">119879</subfield>
  </datafield>
  <datafield tag="650" ind1="1" ind2="3">
    <subfield code="a">Vinificaci&#xF3;n  </subfield>
    <subfield code="2">atg</subfield>
    <subfield code="9">151244</subfield>
  </datafield>
  <datafield tag="650" ind1="1" ind2="7">
    <subfield code="a">Viticultura</subfield>
    <subfield code="2">atg</subfield>
    <subfield code="9">120043</subfield>
  </datafield>
  <datafield tag="650" ind1="1" ind2="3">
    <subfield code="a">Wines  </subfield>
    <subfield code="2">atg</subfield>
    <subfield code="9">148017</subfield>
  </datafield>
  <datafield tag="650" ind1="1" ind2="3">
    <subfield code="a">Winemaking  </subfield>
    <subfield code="2">atg</subfield>
    <subfield code="9">151246</subfield>
  </datafield>
  <datafield tag="650" ind1="1" ind2="3">
    <subfield code="a">Viticulture  </subfield>
    <subfield code="2">atg</subfield>
    <subfield code="9">149530</subfield>
  </datafield>
  <datafield tag="942" ind1=" " ind2=" ">
    <subfield code="2">ddc</subfield>
    <subfield code="c">LIBRO</subfield>
  </datafield>
  <datafield tag="999" ind1=" " ind2=" ">
    <subfield code="c">220412</subfield>
    <subfield code="d">220412</subfield>
  </datafield>
  <datafield tag="952" ind1=" " ind2=" ">
    <subfield code="0">0</subfield>
    <subfield code="1">0</subfield>
    <subfield code="2">ddc</subfield>
    <subfield code="4">0</subfield>
    <subfield code="5">1</subfield>
    <subfield code="7">0</subfield>
    <subfield code="8">GRAL</subfield>
    <subfield code="a">IA_</subfield>
    <subfield code="b">IA_</subfield>
    <subfield code="d">2024-10-16</subfield>
    <subfield code="e">Compra Librer&#xED;a UACh F. 44563</subfield>
    <subfield code="g">309.50</subfield>
    <subfield code="i">Consumo</subfield>
    <subfield code="l">0</subfield>
    <subfield code="o">641.22 E43 2011</subfield>
    <subfield code="p">1102015210</subfield>
    <subfield code="r">2025-01-30 13:17:46</subfield>
    <subfield code="t">Ej. 1</subfield>
    <subfield code="w">2025-01-30</subfield>
    <subfield code="y">LIBRO</subfield>
  </datafield>
</record>
